Cartilla prc̀tica Unidad de Gestin̤ pensional y parafiscales (UGPP) 2018 /

Bibliographic Details
Main Author: Chavarro Cadena, Jorge Enrique
Other Authors: Cortes Guzman, Guillermo
Format: eBook
Language:Spanish
Published: Bogot:̀ Grupo Editorial Nueva Legislacin̤, 2018
Subjects:
Online Access:Acceso restringido

MARC

LEADER 00000nam a22000007a 4500
005 20180928232917.0
007 cr|||| ||||
008 180928s2018 co |||||s|||| 00||0 spa d
020 |a 978-958-56259-8-3 
035 |a 21972 
040 |a vLex 
090 |c 8160  |d 8160 
100 1 |a Chavarro Cadena, Jorge Enrique 
245 1 0 |a Cartilla prc̀tica  |h [Recurso electrn̤ico] :  |b Unidad de Gestin̤ pensional y parafiscales (UGPP) 2018 /  |c Jorge Enrique Chavarro Cadena, Guillermo Cortes Guzman 
256 |a Servicio en ln̕ea 
260 |a Bogot:̀  |b Grupo Editorial Nueva Legislacin̤,  |c 2018 
300 |a 1 recurso electrn̤ico 
506 1 |a Disponible solo en los productos indicados  |d vLex Global  |d vLex Global (Academic Edition, excluding Law Schools)  |d vLex Global (U.S. Academic Edition, Law Schools)  |d vLex Global (U.S. Academic Edition, excluding Law Schools)  |d vLex Global (Academic Edition, Law Schools) 
650 0 4 |a Derecho Laboral y Seguridad Social  |z Colombia 
700 1 |a Cortes Guzman, Guillermo 
740 0 |a vLex Libros (Servicio en ln̕ea) 
856 4 0 |u http://vlex.com/source/cartilla-practica-unidad-de-gestion-pensional-y-parafiscales-ugpp-2018-21972  |z Acceso restringido 
942 |c BOOK 
999 0 |a Labor law and social security